000 00849nam a2200265 i 4500
003 DO-SdBNP
005 20250613143657.0
007 ta
008 250613b2024 dr a|||| |||| 00| 0 spa d
020 _a9789945189193
040 _aDO-SdBNP
_bspa
_cBNPHU
_erda
041 _aspa
082 4 _axxx
_bxxx
_222
100 _aRamírez, Sauris,
_eautor
_4aut.
_987163
245 1 _aEntre Bacás v Galipotes :
_bradiografía de campo adentro /
_cSauris Ramírez
264 1 _aSanto Domingo :
_bTiempo de Nosotros Editores :
_c2024.
300 _a111 páginas :
_bilustraciones ;
_c21 cm.
336 _atexto
_btxt
_2rdacontent
337 _asin mediación
_bn
_2rdamedia
338 _avolumen
_bnc
_2rdacarrier
500 _aIncluye datos biográficos del autor en las solapas
590 _aInventariado, 2025/BT
910 _aBtavárez
942 _2ddc
_cLBS1
999 _c58380
_d58380